Central Library OPAC University of Rajshahi

A dictionary of economics / (Record no. 26781)

MARC details
000 -LEADER
fixed length control field 01207nam a2200325 a 4500
001 - CONTROL NUMBER
control field 26781
003 - CONTROL NUMBER IDENTIFIER
rucl marc code BD-RjUL
005 - DATE AND TIME OF LATEST TRANSACTION
control field 20211209051051.0
008 - FIXED-LENGTH DATA ELEMENTS--GENERAL INFORMATION
fixed length control field 140323s2012 enka d 000 0 eng
020 ## - INTERNATIONAL STANDARD BOOK NUMBER
International Standard Book Number 9780199696321 (alk. paper : pbk.)
035 ## - SYSTEM CONTROL NUMBER
System control number (BD-RjUL)26852
040 ## - CATALOGING SOURCE
Original cataloging agency DLC
Transcribing agency DLC
Modifying agency DLC
-- BD-RjUL
Language of cataloging eng
041 ## - LANGUAGE CODE
Language code of text/sound track or separate title eng
082 00 - DEWEY DECIMAL CLASSIFICATION NUMBER
Classification number R 330.03
Edition number 23
Author mark and year BLD 2012
100 1# - MAIN ENTRY--PERSONAL NAME
Personal name Black, John,
Dates associated with a name 1931-
9 (RLIN) 82307
245 12 - TITLE STATEMENT
Title A dictionary of economics /
Statement of responsibility, etc. John Black, Nigar Hashimzade, Gareth Myles.
246 14 - VARYING FORM OF TITLE
Title proper/short title Oxford dictionary of economics
250 ## - EDITION STATEMENT
Edition statement 4th ed.
260 ## - PUBLICATION, DISTRIBUTION, ETC. (IMPRINT)
Place of publication, distribution, etc. Oxford ;
-- New York :
Name of publisher, distributor, etc. Oxford University Press,
Date of publication, distribution, etc. c2012.
300 ## - PHYSICAL DESCRIPTION
Pagination 464 p. :
Illustrations ill. ;
Size 20 cm.
490 0# - SERIES STATEMENT
Series statement Oxford paperback reference
500 ## - GENERAL NOTE
General note "Visit www.oup.com/uk/reference/resources/economics to find recommended web links for many entries"--P. 4 of cover.
505 0# - FORMATTED CONTENTS NOTE
Formatted contents note Preface -- Dictionary -- Appendices: Institutional acronymns -- Nobel Prize winners -- The Greek alphabet -- Additional websites.
650 #0 - SUBJECT ADDED ENTRY--TOPICAL TERM
Topical term or geographic name as entry element Economics
Form subdivision Dictionaries.
9 (RLIN) 10700
700 1# - ADDED ENTRY--PERSONAL NAME
Personal name Hashimzade, Nigar.
Personal name Myles, Gareth
942 ## - ADDED ENTRY ELEMENTS (KOHA)
Source of classification or shelving scheme Dewey Decimal Classification
Koha item type Reference
Holdings
Lost status Source of classification or shelving scheme Damaged status Not for loan Collection code Permanent Location Current Location Shelving location Date acquired Source of acquisition Cost, normal purchase price Total Checkouts Full call number Date last seen Copy number Koha item type
  Dewey Decimal Classification   Added to bundle Reference Central Library, University of Rajshahi Central Library, University of Rajshahi   19/03/2014 Dhaka, Paragon ent. Ltd. 940.00   R 330.03 BLD 2012 23/03/2014 C-1 Reference